00957nam a22002777a 450000100040000000500170000402000260002102000220004704000310006905000130010008200110011310000260012424500460015026000380019630000490023449000160028350500080029952001130030752100200042052100200044065000390046065000310049994200150053099900130054595201210055863120231116142435.0 a9780531281055 (pbk.)  a0531281051 (pbk.) aFISKHbengcFISKH dFISKH  aGC21.B46 a578.77 aBenoit, Peter.d1955- aA true book /bOceans cby Benoit, Peter. aGuangdong : bScholastic ;c2011. a48 pages ; bcolor illustrations ; c22 cm.  aA true book aQ  aExplores oceans, discusses how they affect the climate, and describes the variety of life forms found there. a930 bLexile  aQ bRaz-Plus  vJuvenile literature yOceanography aOceanvJuvenile literature 2ddccBKn0 c631d631 00102ddc40708NFICa001b001cTKSNFd2023-06-27l0oBEN GC21.B46pFISTK01619r2023-06-27 10:53:31w2023-06-27yBK